| 000 | 01620na a2200301 4500 | ||
|---|---|---|---|
| 001 | 23041 | ||
| 003 | MIRAKIL | ||
| 005 | 20181213154736.0 | ||
| 008 | 170515b tu 000 0 | ||
| 020 | _a9789944183086 | ||
| 040 |
_aMilas _btur _cTR-AnCHP |
||
| 041 | _atur | ||
| 082 |
_a327.1 _bA43b 2007 |
||
| 090 | _a327.1 A43b 2007 | ||
| 100 | _aAkgül, Ahmet | ||
| 245 |
_aBizden söylemesi-2- _bTürkiye uçuruma sürükleniyor _cAhmet Akgül |
||
| 246 | _aTürkiye uçuruma sürükleniyor | ||
| 260 |
_aİstanbul _bBilge Karınca _c2007 _fKuşak ofset |
||
| 300 |
_a855 s. _c21 sm. |
||
| 440 | _aBilge karınca | ||
| 490 |
_aGenel Yayın _v156 |
||
| 505 | _aABD Türkiyeyi kuşatıyor. ; Siyonist sermayeye yeşil sermaye kılıfı geçiriliyor .; İran viran olursa, sıra Türkiye'ye geliyor. ; ABD şahinleri Türkiye'de şerif mi değiştiriyor ? ; İbrahim yolu mu, Abraham oyunu mu? ; NATO'dan çıkmayı tartışmak gerekiyor! ; Türk ve Amerikan ekonomilerinin birlikte çöküşü hızlanıyor! ; Türkiye Kuzey Irak batağı ve ''Türk Saddam'' oluşturma hazırlığı sürüyor. ; Derin devlet senaryosu ve Hamas konularında hedef saptırıyorlar. ; İran turandır. Türkiye arkadan bıçaklanıyor. ; ABD, Karadeniz'e yerleşiyor. ; sorun PKK mı AKP mi ? ; AKP önünü göremiyor. ; Karanlık senaryolar hazırlanıyor. ; Türkiye-ABD ilişkileri ve milli çıkarlarımız çelişiyor. | ||
| 650 |
_aSiyasal partiler _xAKP _yEleştiriler |
||
| 650 |
_aSiyaset ve yönetim _xTürkiye |
||
| 650 |
_aDış politika _xTürkiye |
||
| 740 | _aTürkiye uçuruma sürükleniyor | ||
| 942 |
_2dcc _cBKS |
||
| 999 |
_c160 _d160 |
||